| 000 | 00720nam a2200229Ia 4500 | ||
|---|---|---|---|
| 003 | GCL | ||
| 008 | 140319s9999 xx 000 0 ara d | ||
| 040 |
_aGCL / _cGCL |
||
| 082 | 0 | 4 |
_a001.2 _bن م |
| 100 | 1 | _aنسرين الاحمد | |
| 245 | 1 | 0 |
_aموسوعة شلال المعرفة : _bبنك المعلومات / _cنسرين الاحمد |
| 250 | _aالاولى | ||
| 260 |
_aبيروت : _bدار الفكر اللبنانى ، _c2003 |
||
| 300 |
_a400ص ؛ _c24سم |
||
| 650 | 0 | 4 | _aالثقافة |
| 650 | 0 | 4 | _aجسم الانسان |
| 650 | 0 | 4 | _aالانهار |
| 650 | 0 | 4 | _aالمعرفة |
| 650 | 0 | 4 | _aالعالم - جغرافيا |
| 650 | 0 | 4 | _aالمعلومات العامه |
| 942 |
_2ddc _cBK |
||
| 999 |
_c58411 _d58411 |
||